歌志内線の駅 - Statistics

General Stats
  • This quiz has been taken 17 times
  • The average score is 4 of 7
Answer Stats
Answer % Correct
歌志内
100%
砂川
83%
歌神
58%
神威
50%
焼山
42%
文珠
33%
西歌
33%
No matching quizzes found
Score Distribution
Percent of People with Each Score
Percentile by Number Answered
Your Score History
You have not taken this quiz